000 00467nam a2200205Ia 4500
003 0100
008 130303s9999 xx 000 0 und d
020 _a0333181085
040 _cARRUPELIB
050 _aLB41.P57 1975
245 _aPhilosophers discuss education
260 _aLondon
260 _bMacMillan
260 _C1975
300 _a260p.
300 _b 23cm.
650 _bMichelet, Jules
700 _aBrown, Stuart C. (ed.)
942 _2lcc
_04
999 _c65579
_d65579